Discours prononcé a la séance publique annuelle de la Société Centrale d'Agriculture de France (Record no. 167976)

MARC details
000 -LEADER
campo de control de longitud fija 00740nam a2200181 i 4500
001 - NÚMERO DE CONTROL
campo de control 167976
003 - IDENTIFICADOR DE NÚMERO DE CONTROL
campo de control ES-MaACL
005 - FECHA Y HORA DE LA ÚLTIMA TRANSACCIÓN
campo de control 20251005063132.0
008 - DATOS DE LONGITUD FIJA--INFORMACIÓN GENERAL
campo de control de longitud fija 050930s1875 fr | |||||||| ||fre d
040 ## - FUENTE DE CATALOGACIÓN
Centro catalogador/agencia de origen CAM
Lengua de catalogación spa
Centro/agencia transcriptor CAM
100 1# - ENTRADA PRINCIPAL--NOMBRE DE PERSONA
Nombre de persona Wolowski, Louis,
Fechas asociadas al nombre 1810-1876
9 (RLIN) 154526
245 10 - MENCIÓN DEL TÍTULO
Título Discours prononcé a la séance publique annuelle de la Société Centrale d'Agriculture de France
Resto del título : tenue le dimanche 27 juin 1875 /
Mención de responsabilidad, etc. par Wolowski.
260 ## - PUBLICACIÓN, DISTRIBUCIÓN, ETC.
Lugar de publicación, distribución, etc. Paris :
Nombre del editor, distribuidor, etc. Vve. Bouchard-Huzard,
Fecha de publicación, distribución, etc. 1875.
300 ## - DESCRIPCIÓN FÍSICA
Extensión 12 p. ;
Dimensiones 22 cm.
710 2# - ENTRADA AGREGADA--NOMBRE DE ENTIDAD CORPORATIVA
Nombre de entidad corporativa o nombre de jurisdicción como elemento de entrada Société Centrale d'Agriculture de France.
9 (RLIN) 134936
852 ## - LOCALIZACIÓN
Ubicación ES-MaACL
Número de control de estantería T-1289-F-7
Nota libre -- Enc. hol., conservando la cub. original
-- -- Enc. en un vol. facticio
Holdings
Estatus retirado Estado de pérdida Estado de daño No para préstamo Colección Biblioteca de origen Biblioteca actual Ubicación en estantería Fecha de adquisición Total de préstamos Signatura topográfica completa Código de barras Visto por última vez Precio de reemplazo Tipo de ítem Koha
        Colección de folletos Biblioteca del Ateneo de Madrid Biblioteca del Ateneo de Madrid Depósito folletos 17/01/2008   T-1289-F-7 1176225 23/02/2023 23/02/2023 Folleto